000 00386nam a2200157 i 4500
001 bg
100 1 _aKULCZYCKI, M.
245 0 _aKodeks wykroczeń :
_bpopularny komentarz /
_cM. Kulczycki, J. Zduńczyk.
250 _aWyd.3.
260 _aWarszawa,
_c1982.
700 1 _aZDUŃCZYK, J.
040 _cBPK
041 _apol
942 _cKS
008 s pl f |000 0 pol
999 _c21153
_d21153
856 _uhttp://koha.tu.koszalin.pl/cgi-bin/koha/opac-detail.pl?biblionumber=21153
_yKatalog online BPK